| 000 | 01310nam a2200313 a 4500 | ||
|---|---|---|---|
| 001 | ebr10254438 | ||
| 003 | CaPaEBR | ||
| 006 | m u | ||
| 007 | cr cn||||||||| | ||
| 008 | 080212s2008 enk sb 001 0 eng | ||
| 010 | _z 2008006025 | ||
| 020 | _z9780199234776 | ||
| 020 | _z0199234779 | ||
| 040 |
_aCaPaEBR _cCaPaEBR |
||
| 035 | _a(OCoLC)263493444 | ||
| 050 | 1 | 4 |
_aPR5908.S8 _bG74 2008eb |
| 082 | 0 | 4 |
_a821/.8 _222 |
| 100 | 1 | _aGrene, Nicholas. | |
| 245 | 1 | 0 |
_aYeats's poetic codes _h[electronic resource] / _cNicholas Grene. |
| 260 |
_aOxford ; _aNew York : _bOxford University Press, _c2008. |
||
| 300 | _axi, 247 p. | ||
| 504 | _aIncludes bibliographical references (p. [227]-232) and indexes. | ||
| 505 | 0 | _aDates -- This and that, here and there -- Dream -- Place names -- Beasts and birds -- Tense and mood -- Voices -- Bitter/sweet. | |
| 533 |
_aElectronic reproduction. _bPalo Alto, Calif. : _cebrary, _d2013. _nAvailable via World Wide Web. _nAccess may be limited to ebrary affiliated libraries. |
||
| 600 | 1 | 0 |
_aYeats, W. B. _q(William Butler), _d1865-1939 _xLiterary style. |
| 655 | 7 |
_aElectronic books. _2local |
|
| 710 | 2 | _aebrary, Inc. | |
| 856 | 4 | 0 |
_uhttp://site.ebrary.com/lib/rucke/Doc?id=10254438 _zAn electronic book accessible through the World Wide Web; click to view |
| 999 |
_c149363 _d149363 |
||